[Event "HUN-chT2 Charousek 1112"]
[Site "Hungary"]
[Date "2012.05.20"]
[Round "11"]
[White "Remete, Eszter"]
[Black "Darazs, Zoltan"]
[Result "0-1"]
[WhiteElo "2068"]
[BlackElo "2127"]
[PlyCount "60"]
[EventDate "2011.09.25"]
[EventType "team-tourn"]
[EventRounds "11"]
[EventCountry "HUN"]
[SourceTitle "EXT 2013"]
[Source "ChessBase"]
[SourceDate "2012.11.22"]
[SourceVersion "1"]
[SourceVersionDate "2012.11.22"]
[SourceQuality "1"]
[WhiteTeam "Haladas II"]
[BlackTeam "Budapest MTK"]
[WhiteTeamCountry "HUN"]
[BlackTeamCountry "HUN"]

1. e4 e5 2. Nf3 Nc6 3. d4 exd4 4. Nxd4 Nf6 5. Nxc6 bxc6 6. e5 Qe7 7. Qe2 Nd5 8. c4 Ba6 9. g3 g5 10. b3 Bg7 11. Bb2 0-0-0 12. Bg2 Rhe8 13. 0-0 Nb6 14. Re1 f6 15. Qd2 Kb8 16. Qa5 Bb7 17. f4 gxf4 18. gxf4 Bh6 19. Nd2 f5 20. Rf1 Rg8 21. Rf2 c5 22. Nf3 Bxf4 23. Re1 Rg6 24. Qc3 Rdg8 25. Kf1 Bxh2 26. Nxh2 Rxg2 27. Nf3 Qg7 28. Qe3 Qg3 29. Nd2 Rg1+ 30. Ke2 Rxe1+ 0-1

[Event "HUN-chT2 Charousek 1112"]
[Site "Hungary"]
[Date "2011.10.30"]
[Round "2"]
[White "Remete, Eszter"]
[Black "Szinavel, Zsolt"]
[Result "0-1"]
[WhiteElo "2068"]
[BlackElo "2118"]
[PlyCount "128"]
[EventDate "2011.09.25"]
[EventType "team-tourn"]
[EventRounds "11"]
[EventCountry "HUN"]
[SourceTitle "EXT 2013"]
[Source "ChessBase"]
[SourceDate "2012.11.22"]
[SourceVersion "1"]
[SourceVersionDate "2012.11.22"]
[SourceQuality "1"]
[WhiteTeam "Haladas II"]
[BlackTeam "Kisber Aszar"]
[WhiteTeamCountry "HUN"]
[BlackTeamCountry "HUN"]

1. e4 e6 2. d4 d5 3. Nd2 Nf6 4. e5 Nfd7 5. Bd3 c5 6. c3 Nc6 7. Ngf3 Be7 8. 0-0 cxd4 9. cxd4 f6 10. Ng5 fxg5 11. Qh5+ g6 12. Bxg6+ hxg6 13. Qxh8+ Nf8 14. Nb3 Bd7 15. f4 Qb6 16. Be3 Nb4 17. fxg5 Nc2 18. Rxf8+ Bxf8 19. Rf1 Qb4 20. Bd2 Qe7 21. Rf6 0-0-0 22. Rxg6 Be8 23. Rf6 Ba4 24. Qh3 Bxb3 25. Qc3+ Qc7 26. Qxc7+ Kxc7 27. axb3 Nxd4 28. Be3 Nc6 29. Rxe6 d4 30. Bd2 Bc5 31. Kf1 d3 32. g6 Nd4 33. Rf6 Nxb3 34. Rf7+ Kc6 35. Ke1 Re8 36. Bf4 Bb4+ 37. Kd1 Nd4 38. g7 Ne6 39. Be3 Rg8 40. Bh6 a5 41. h4 Kd5 42. Rxb7 Kxe5 43. Rd7 Ke4 44. h5 Bc5 45. Bd2 Nxg7 46. h6 Nf5 47. h7 Rf8 48. Bxa5 Ne3+ 49. Kd2 Nc4+ 50. Kc3 Nxa5 51. b4 Bxb4+ 52. Kxb4 Nc6+ 53. Kc3 Ne5 54. Re7 Rc8+ 55. Kd2 Kd4 56. Kd1 Rf8 57. Ke1 Nc4 58. g4 Ne3 59. Rd7+ Kc3 60. Rc7+ Nc4 61. Rd7 d2+ 62. Ke2 Re8+ 63. Kf2 Ne5 64. Rc7+ Kd3 0-1

[Event "HUN-chT2 Charousek 1011"]
[Site "Hungary"]
[Date "2010.11.07"]
[Round "5"]
[White "Szentmihalyi, David"]
[Black "Remete, Eszter"]
[Result "1/2-1/2"]
[WhiteElo "1999"]
[BlackElo "2055"]
[PlyCount "84"]
[EventDate "2010.09.12"]
[EventType "team-tourn"]
[EventRounds "11"]
[EventCountry "HUN"]
[SourceTitle "EXT 2012"]
[Source "ChessBase"]
[SourceDate "2011.11.24"]
[SourceVersion "1"]
[SourceVersionDate "2011.11.24"]
[SourceQuality "1"]
[WhiteTeam "Husi"]
[BlackTeam "Haladas II"]
[WhiteTeamCountry "HUN"]
[BlackTeamCountry "HUN"]

1. e4 e5 2. Nf3 Nc6 3. Bb5 a6 4. Ba4 Nf6 5. d4 exd4 6. e5 Ne4 7. Bxc6 dxc6 8. Qxd4 Bf5 9. Be3 Bc5 10. Qxd8+ Rxd8 11. Bxc5 Nxc5 12. Na3 0-0 13. 0-0 Rd7 14. Rfd1 Rfd8 15. Rxd7 Rxd7 16. Rc1 Ne6 17. g3 Be4 18. Ne1 Nd4 19. Kf1 Nf3 20. Nxf3 Bxf3 21. Nc4 Rd5 22. Re1 Kf8 23. a3 b5 24. Na5 Rd2 25. Nb3 Rd5 26. Na5 c5 27. c4 Rd2 28. cxb5 axb5 29. Nb3 Rxb2 30. Nxc5 Rc2 31. Nb3 c5 32. Rc1 Rxc1+ 33. Nxc1 Ke7 34. Nb3 b4 35. axb4 cxb4 36. Ke1 Bd5 37. Nc5 Kd8 38. Kd2 Bc4 39. Nd3 b3 40. Kc3 Bd5 41. Nf4 Bc4 42. Nd3 Bd5 1/2-1/2

[Event "HUN-chT2 Szechenyi 1011"]
[Site "Hungary"]
[Date "2010.09.26"]
[Round "2.2"]
[White "Remete, Eszter"]
[Black "Fendrik, Lajos"]
[Result "0-1"]
[WhiteElo "2055"]
[BlackElo "2203"]
[PlyCount "112"]
[EventDate "2010.09.12"]
[EventType "team-tourn"]
[EventRounds "11"]
[EventCountry "HUN"]
[SourceTitle "EXT 2012"]
[Source "ChessBase"]
[SourceDate "2011.11.24"]
[SourceVersion "1"]
[SourceVersionDate "2011.11.24"]
[SourceQuality "1"]
[WhiteTeam "HVSE Infraplan"]
[BlackTeam "Zala Volan"]
[WhiteTeamCountry "HUN"]
[BlackTeamCountry "HUN"]

1. e4 e6 2. d4 d5 3. Nd2 Nf6 4. e5 Nfd7 5. Bd3 c5 6. c3 Nc6 7. Ngf3 Be7 8. 0-0 a5 9. Re1 cxd4 10. cxd4 g5 11. Nf1 g4 12. N3d2 h5 13. f3 Qb6 14. Kh1 Qxd4 15. Nb3 Qb6 16. Be3 d4 17. Bf4 Bb4 18. Nbd2 Qc7 19. Rc1 Nb6 20. Ne4 Nd5 21. Nd6+ Kf8 22. Nb5 Qb6 23. Bd2 Bd7 24. a4 Bxd2 25. Nxd2 Ne3 26. Nc4 Nxd1 27. Nxb6 Nf2+ 28. Kg1 Nxd3 29. Nxa8 Nxc1 30. Rxc1 Nxe5 31. Nxd4 gxf3 32. gxf3 Rg8+ 33. Kf1 Bxa4 34. Rc5 Nc6 35. Ne2 Bd1 36. Ng1 Ke7 37. Nb6 Rd8 38. Rxh5 Rd3 39. Nc4 Bxf3 40. Rb5 Nd4 41. Rxa5 Bd5 42. Nb6 Bc6 43. h4 Nf5 44. h5 Rd1+ 45. Kf2 Rd2+ 46. Ne2 Rxb2 47. Nc4 Rc2 48. Ne3 Nxe3 49. Kxe3 Kf6 50. Nd4 Rc4 51. Kd3 Bd5 52. Ra8 e5 53. Nb5 Rh4 54. Nc7 Rh3+ 55. Kd2 Bc6 56. Rh8 Kg7 0-1

[Event "Szombathely op"]
[Site "Szombathely"]
[Date "2010.07.30"]
[Round "4"]
[White "Sipos, Istvan"]
[Black "Remete, Eszter"]
[Result "1-0"]
[WhiteElo "2405"]
[BlackElo "2051"]
[PlyCount "83"]
[EventDate "2010.07.27"]
[EventType "swiss"]
[EventRounds "7"]
[EventCountry "HUN"]
[SourceTitle "CBM 137 Extra"]
[Source "ChessBase"]
[SourceDate "2010.09.01"]
[SourceVersion "1"]
[SourceVersionDate "2010.09.01"]
[SourceQuality "1"]

1. e4 e5 2. Nf3 Nc6 3. Bb5 a6 4. Ba4 Nf6 5. 0-0 Be7 6. Re1 b5 7. Bb3 d6 8. c3 0-0 9. d4 Bg4 10. d5 Na5 11. Bc2 h6 12. Nbd2 Nh7 13. h3 Bh5 14. b4 Nb7 15. Qe2 Ng5 16. Bd3 Qd7 17. Kh2 c5 18. dxc6 Qxc6 19. Bb2 Nxf3+ 20. Nxf3 Bxf3 21. Qxf3 Nd8 22. Bc2 Ne6 23. Bb3 Nc7 24. Rad1 Rad8 25. Rd3 Qb6 26. Bc1 Ne8 27. Qf5 Bf6 28. g3 Qa7 29. h4 Kh8 30. Qf3 Qe7 31. Kg2 g5 32. Qh5 Kg7 33. Rh1 Nc7 34. Rf3 Rh8 35. Bxf7 Qxf7 36. Qxf7+ Kxf7 37. hxg5 hxg5 38. Bxg5 Rxh1 39. Rxf6+ Kg7 40. Kxh1 Rh8+ 41. Kg2 Ne8 42. Re6 1-0

[Event "HUN-chT2 Charousek 0910"]
[Site "Hungary"]
[Date "2010.02.28"]
[Round "7"]
[White "Tanacs, Anna"]
[Black "Remete, Eszter"]
[Result "1/2-1/2"]
[WhiteElo "2106"]
[BlackElo "2075"]
[PlyCount "64"]
[EventDate "2009.11.08"]
[EventType "team-tourn"]
[EventRounds "11"]
[EventCountry "HUN"]
[SourceTitle "EXT 2011"]
[Source "ChessBase"]
[SourceDate "2010.11.26"]
[SourceVersion "1"]
[SourceVersionDate "2010.11.26"]
[SourceQuality "1"]
[WhiteTeam "Taban Spartacus"]
[BlackTeam "Haladas II"]
[WhiteTeamCountry "HUN"]
[BlackTeamCountry "HUN"]

1. d4 f5 2. Nf3 g6 3. g3 Bg7 4. Bg2 Nf6 5. 0-0 0-0 6. c4 d6 7. Nc3 Qe8 8. d5 Na6 9. Rb1 c6 10. Nd4 Bd7 11. Nc2 Rc8 12. Be3 c5 13. Qd2 Ng4 14. Bf4 Ne5 15. Bxe5 Bxe5 16. f4 Bg7 17. a3 Rf7 18. Rfe1 e5 19. dxe6 Bxe6 20. b3 Kh8 21. Nb5 Rd8 22. e4 Qf8 23. Rbd1 fxe4 24. Bxe4 Bg4 25. Rb1 b6 26. Ne3 Be6 27. Rbd1 Nc7 28. Nxc7 Rxc7 29. Nd5 Bd4+ 30. Kh1 Rg7 31. Qg2 Bxd5 32. Bxd5 Re8 1/2-1/2

[Event "HUN-chT2 Charousek 0910"]
[Site "Hungary"]
[Date "2009.11.08"]
[Round "1"]
[White "Gergacz, Daniel"]
[Black "Remete, Eszter"]
[Result "0-1"]
[WhiteElo "1858"]
[BlackElo "2075"]
[PlyCount "104"]
[EventDate "2009.11.08"]
[EventType "team-tourn"]
[EventRounds "11"]
[EventCountry "HUN"]
[SourceTitle "EXT 2011"]
[Source "ChessBase"]
[SourceDate "2010.11.26"]
[SourceVersion "1"]
[SourceVersionDate "2010.11.26"]
[SourceQuality "1"]
[WhiteTeam "Sarvar"]
[BlackTeam "Haladas II"]
[WhiteTeamCountry "HUN"]
[BlackTeamCountry "HUN"]

1. e4 e5 2. Nf3 Nc6 3. Bb5 a6 4. Ba4 Nf6 5. 0-0 Be7 6. Re1 b5 7. Bb3 d6 8. c3 0-0 9. h3 Na5 10. Bc2 c5 11. d4 Qc7 12. Nbd2 cxd4 13. cxd4 Bb7 14. d5 Bc8 15. Nf1 Bd7 16. Ng3 Rfc8 17. Bd3 Nb7 18. Bd2 Nc5 19. Bc2 a5 20. a3 Na6 21. Rc1 b4 22. Bd3 Qb7 23. Rxc8+ Bxc8 24. Bxa6 Rxa6 25. Qc2 Bd7 26. Rc1 Ne8 27. axb4 axb4 28. b3 Bd8 29. Qc4 Ba5 30. Ne1 Ra8 31. Qc2 Nc7 32. Nd3 Rc8 33. Qa2 Qb5 34. Rc4 Na6 35. Rxc8+ Bxc8 36. Qc2 Nc5 37. Nb2 Ba6 38. Nf5 Qf1+ 39. Kh2 Qxf2 40. Ne3 Qf4+ 41. Kg1 Qxe4 42. Qxe4 Nxe4 43. Nbc4 Nxd2 44. Nxa5 g6 45. Kf2 Ne4+ 46. Ke1 Nc5 47. Ng4 Kg7 48. Ne3 f5 49. Nc6 Nxb3 50. Nxb4 Nc5 51. Nxa6 Nxa6 52. Nc4 Nc7 0-1

[Event "EU-Cup 25th"]
[Site "Ohrid"]
[Date "2009.10.09"]
[Round "6.6"]
[White "Remete, Eszter"]
[Black "Rathlev, Jakob"]
[Result "0-1"]
[WhiteElo "2075"]
[BlackElo "2216"]
[PlyCount "142"]
[EventDate "2009.10.04"]
[EventType "team-swiss"]
[EventRounds "7"]
[EventCountry "MKD"]
[SourceTitle "CBM 133"]
[Source "ChessBase"]
[SourceDate "2009.11.19"]
[SourceVersion "1"]
[SourceVersionDate "2009.11.19"]
[SourceQuality "1"]
[WhiteTeam "Szombathely"]
[BlackTeam "Jetsmark"]
[WhiteTeamCountry "HUN"]
[BlackTeamCountry "DEN"]

1. e4 c5 2. Nf3 e6 3. d4 cxd4 4. Nxd4 a6 5. Nc3 Qc7 6. Be2 b5 7. 0-0 Bb7 8. Re1 Nc6 9. Bf3 Ne5 10. a4 b4 11. Nb1 Nf6 12. Nd2 Bd6 13. g3 h5 14. Bg2 h4 15. Nf1 Qb6 16. a5 Qc7 17. Bf4 Rc8 18. Bxe5 Bxe5 19. f4 Bxd4+ 20. Qxd4 Qc5 21. Qxc5 Rxc5 22. Re2 Ke7 23. Ra4 Rb5 24. e5 Nd5 25. Ne3 Nxe3 26. Bxb7 Rxb7 27. Rxe3 Rc8 28. Re2 g5 29. Kf2 hxg3+ 30. hxg3 gxf4 31. gxf4 f6 32. Ke3 fxe5 33. fxe5 Rb5 34. Kf4 Rc4+ 35. Re4 Rxc2 36. Rexb4 Rxb2 37. Rxb5 Rxb5 38. Ke4 Rd5 39. Ra2 Kd8 40. Ra3 Kc7 41. Rc3+ Kb7 42. Rb3+ Kc7 43. Rc3+ Kd8 44. Ra3 Ke7 45. Ra2 Rb5 46. Ra4 Kf7 47. Kd4 Kg6 48. Ra1 Kf5 49. Rf1+ Kg4 50. Rf7 Rxa5 51. Rxd7 Ra4+ 52. Ke3 Kf5 53. Rh7 Kxe5 54. Rh5+ Kd6 55. Rh6 Kd5 56. Rh8 Ra3+ 57. Ke2 e5 58. Rh5 a5 59. Rh4 Kc5 60. Rh5 Kd4 61. Rh4+ e4 62. Rh8 Ra2+ 63. Ke1 Kd3 64. Rd8+ Ke3 65. Kf1 Ra1+ 66. Kg2 Ke2 67. Re8 e3 68. Ra8 Ra2 69. Rd8 a4 70. Rd7 a3 71. Kg1 Rd2 0-1

[Event "EU-Cup 25th"]
[Site "Ohrid"]
[Date "2009.10.08"]
[Round "5.6"]
[White "Radojevic, Sasa"]
[Black "Remete, Eszter"]
[Result "1/2-1/2"]
[WhiteElo "2014"]
[BlackElo "2075"]
[PlyCount "113"]
[EventDate "2009.10.04"]
[EventType "team-swiss"]
[EventRounds "7"]
[EventCountry "MKD"]
[SourceTitle "CBM 133"]
[Source "ChessBase"]
[SourceDate "2009.11.19"]
[SourceVersion "1"]
[SourceVersionDate "2009.11.19"]
[SourceQuality "1"]
[WhiteTeam "Belgrade Lasta"]
[BlackTeam "Szombathely"]
[WhiteTeamCountry "YEM"]
[BlackTeamCountry "HUN"]

1. d4 d5 2. c4 e6 3. Nc3 Nf6 4. Nf3 Be7 5. Bg5 0-0 6. e3 Nbd7 7. Qc2 c5 8. Bd3 cxd4 9. exd4 dxc4 10. Bxc4 a6 11. 0-0 b5 12. Bd3 Bb7 13. Qe2 h6 14. Bh4 Nb6 15. Rfd1 b4 16. Ne4 Nxe4 17. Bxe4 Bxe4 18. Qxe4 Bxh4 19. Nxh4 Nd5 20. Nf3 Rc8 21. Ne5 Qe7 22. Rac1 Rc7 23. Nd3 Rfc8 24. Rc5 Qd6 25. Rdc1 a5 26. h3 a4 27. Qe1 b3 28. axb3 axb3 29. Rxc7 Rxc7 30. Rxc7 Qxc7 31. Nc5 Nf4 32. Qe3 Qd6 33. Nxb3 Nd5 34. Qd2 Qb6 35. Nc5 e5 36. Nd7 Qxd4 37. Qxd4 exd4 38. Kf1 f6 39. g3 Kf7 40. Ke2 Ke7 41. Nc5 Kd6 42. Nb3 Ke5 43. f4+ Ke4 44. Nc5+ Kf5 45. Kf3 h5 46. g4+ hxg4+ 47. hxg4+ Kg6 48. Nd3 f5 49. b4 fxg4+ 50. Kxg4 Nf6+ 51. Kf3 Kf5 52. Nc5 Nd5 53. b5 g5 54. fxg5 Kxg5 55. Ne6+ Kf5 56. Nxd4+ Ke5 57. Nb3 1/2-1/2

[Event "HUN-chT2 Charousek 0809"]
[Site "Hungary"]
[Date "2009.04.19"]
[Round "11"]
[White "Smideliusz, Mark"]
[Black "Remete, Eszter"]
[Result "1-0"]
[WhiteElo "1867"]
[BlackElo "2130"]
[PlyCount "121"]
[EventDate "2008.10.26"]
[EventType "team-tourn"]
[EventRounds "11"]
[EventCountry "HUN"]
[SourceTitle "EXT 2010"]
[Source "ChessBase"]
[SourceDate "2010.11.25"]
[SourceVersion "1"]
[SourceVersionDate "2010.11.25"]
[SourceQuality "1"]
[WhiteTeam "Sarvar"]
[BlackTeam "Haladas II"]
[WhiteTeamCountry "HUN"]
[BlackTeamCountry "HUN"]

1. e4 e5 2. Nf3 Nc6 3. Bb5 a6 4. Ba4 Nf6 5. 0-0 Be7 6. Re1 b5 7. Bb3 d6 8. c3 0-0 9. d4 Bg4 10. Be3 exd4 11. cxd4 d5 12. e5 Ne4 13. Nc3 Bb4 14. Nxd5 Bxe1 15. Qxe1 Bxf3 16. gxf3 Ng5 17. Kg2 Ne6 18. Rd1 Qh4 19. Qc3 Ncd8 20. Qc1 a5 21. a3 Ra6 22. Nc3 c6 23. Ne4 h6 24. f4 Ng5 25. fxg5 Qxe4+ 26. f3 Qg6 27. Bc2 Qh5 28. gxh6 g6 29. Be4 Re8 30. Kh1 Qh3 31. Rg1 Kh7 32. Qc2 Qe6 33. f4 f5 34. Bf3 Nf7 35. Qg2 Rg8 36. d5 cxd5 37. Bxd5 Qe7 38. Rc1 Rd8 39. Bf3 Qd7 40. h3 Qe7 41. Rc5 b4 42. a4 Rd7 43. Qc2 Qh4 44. Kg2 Kxh6 45. Qf2 Qxf2+ 46. Kxf2 Nd8 47. Ke2 Ne6 48. Rc4 Kg7 49. Bc6 Rc7 50. Bb5 Rxc4 51. Bxc4 Rc6 52. Bd5 Ra6 53. Bb7 Nxf4+ 54. Bxf4 Rb6 55. Bd5 Kf8 56. b3 Rb8 57. e6 Rb6 58. Bg5 Rd6 59. e7+ Ke8 60. Bc4 f4 61. Bb5+ 1-0

[Event "HUN-chT2 Charousek 0708"]
[Site "Hungary"]
[Date "2008.03.16"]
[Round "8"]
[White "Remete, Eszter"]
[Black "Gadacsi, Miklos Jr"]
[Result "1-0"]
[WhiteElo "2128"]
[BlackElo "2105"]
[PlyCount "95"]
[EventDate "2007.10.14"]
[EventType "team"]
[EventRounds "11"]
[EventCountry "HUN"]
[SourceTitle "EXT 2009"]
[Source "ChessBase"]
[SourceDate "2008.11.26"]
[SourceVersion "1"]
[SourceVersionDate "2008.11.26"]
[SourceQuality "1"]
[WhiteTeam "Haladas II"]
[BlackTeam "Tapolca"]
[WhiteTeamCountry "HUN"]
[BlackTeamCountry "HUN"]

1. e4 c5 2. Nf3 d6 3. d4 cxd4 4. Nxd4 Nf6 5. Nc3 g6 6. Bg5 Bg7 7. Bb5+ Bd7 8. Qe2 0-0 9. 0-0-0 a6 10. Bxd7 Nbxd7 11. f4 Rc8 12. Kb1 Qc7 13. Rhe1 e5 14. Nb3 b5 15. a3 Nb6 16. fxe5 dxe5 17. Rf1 Nbd7 18. Rf3 Qb7 19. Rfd3 h6 20. Bh4 Nb6 21. Bxf6 Bxf6 22. Rd6 Bg7 23. Na5 Qb8 24. Qe3 Nc4 25. Nxc4 Rxc4 26. Rxa6 Rd4 27. Re1 b4 28. Nd5 bxa3 29. Rxa3 Kh7 30. c3 Rc4 31. Nb6 Rc7 32. Ra8 Qb7 33. Rxf8 Bxf8 34. Nd5 Rc8 35. Nf6+ Kh8 36. Nd5 Qa6 37. Qf3 Ra8 38. Qf6+ Bg7 39. Qxa6 Rxa6 40. Rf1 Kg8 41. b4 Rd6 42. c4 Bf8 43. c5 Rd8 44. Rf6 Kg7 45. Rb6 Rc8 46. c6 Bd6 47. c7 Bxc7 48. Rc6 1-0

[Event "HUN-chT2 Szechenyi 0607"]
[Site "Hungary"]
[Date "2006.12.17"]
[Round "4"]
[White "Ruszin, Anna"]
[Black "Remete, Eszter"]
[Result "0-1"]
[WhiteElo "2091"]
[BlackElo "2108"]
[PlyCount "98"]
[EventDate "2006.11.12"]
[EventType "team"]
[EventRounds "11"]
[EventCountry "HUN"]
[SourceTitle "EXT 2008"]
[Source "ChessBase"]
[SourceDate "2007.11.25"]
[SourceVersion "1"]
[SourceVersionDate "2007.11.25"]
[SourceQuality "1"]
[WhiteTeam "Zala Volan"]
[BlackTeam "Haladas II"]
[WhiteTeamCountry "HUN"]
[BlackTeamCountry "HUN"]

1. e4 e5 2. Nf3 Nc6 3. Bb5 a6 4. Bxc6 dxc6 5. 0-0 Bg4 6. h3 h5 7. d3 Qf6 8. Be3 Bxf3 9. Qxf3 Qxf3 10. gxf3 Bd6 11. Nd2 0-0-0 12. c3 Ne7 13. Rfd1 Ng6 14. Kf1 Rd7 15. d4 f6 16. Nc4 exd4 17. Nxd6+ cxd6 18. cxd4 d5 19. Ke2 Re8 20. Rg1 Nh4 21. exd5 Rxd5 22. Rxg7 Nf5 23. Rf7 Nxd4+ 24. Kf1 Nc2 25. Rc1 Nxe3+ 26. fxe3 Rxe3 27. Rxf6 Rd2 28. Rc5 Rxb2 29. Rxh5 Rxa2 30. Rh8+ Kc7 31. Rh7+ Kb6 32. Rff7 Rc3 33. Rxb7+ Kc5 34. Rbe7 Rxf3+ 35. Ke1 Rb3 36. Re2 Ra1+ 37. Kf2 a5 38. Rh6 Rc3 39. Rh5+ Kb4 40. Rb2+ Kc4 41. Rh6 Kd5 42. Rd2+ Kc5 43. Rh5+ Kc4 44. Rb2 a4 45. Rh4+ Kd3 46. Rg4 a3 47. Re2 Rac1 48. Rg3+ Kc4 49. Re6 R1c2+ 0-1